| 000 | 01279nam a2200313Ia 4500 | ||
|---|---|---|---|
| 001 | ebr10326377 | ||
| 003 | CaPaEBR | ||
| 006 | m u | ||
| 007 | cr cn||||||||| | ||
| 008 | 910624t20082005enka sb 001 0 eng d | ||
| 020 | _z9781847350954 | ||
| 040 |
_aCaPaEBR _cCaPaEBR |
||
| 035 | _a(OCoLC)646823087 | ||
| 050 | 1 | 4 |
_aTP1180.V48 _bG66 2008eb |
| 100 | 1 | _aGoodship, Vannessa. | |
| 245 | 1 | 0 |
_aPolyvinyl alcohol _h[electronic resource] : _bmaterials, processing and applications / _cVannessa Goodship and Daniel Jacobs. |
| 260 |
_aShrewsbury, Shropshire : _bSmithers Rapra Technology, _c2008, c2005. |
||
| 300 |
_a130 p. : _bill. |
||
| 490 | 1 |
_aRapra review reports ; _vv. 16, no. 12 |
|
| 504 | _aIncludes bibliographical references and indexes. | ||
| 533 |
_aElectronic reproduction. _bPalo Alto, Calif. : _cebrary, _d2011. _nAvailable via World Wide Web. _nAccess may be limited to ebrary affiliated libraries. |
||
| 650 | 0 | _aPolyvinyl alcohol. | |
| 650 | 0 | _aVinyl polymers. | |
| 655 | 7 |
_aElectronic books. _2local |
|
| 700 | 1 | _aJacobs, Daniel. | |
| 710 | 2 | _aebrary, Inc. | |
| 830 | 0 |
_aRapra review reports ; _vv. 16, no. 12. |
|
| 856 | 4 | 0 |
_uhttp://site.ebrary.com/lib/rucke/Doc?id=10326377 _zAn electronic book accessible through the World Wide Web; click to view |
| 999 |
_c56086 _d56086 |
||